Global climate change beyond Copenhagen
Αποθηκεύτηκε σε:
| Κύριος συγγραφέας: | |
|---|---|
| Μορφή: | Βιβλίο |
| Γλώσσα: | Αγγλικά |
| Έκδοση: |
Pentagon Earth
2010.
|
| Ετικέτες: |
Προσθήκη ετικέτας
Δεν υπάρχουν, Καταχωρήστε ετικέτα πρώτοι!
|
MARC
| LEADER | 00000nam a22000007a 4500 | ||
|---|---|---|---|
| 008 | 210616b ||||| |||| 00| 0 eng d | ||
| 020 | |a 978-81-8274-453-0 | ||
| 100 | |a SARKAR, A. N. | ||
| 245 | |a Global climate change |b beyond Copenhagen |c A. N. Sarkar. |g xvi,432p;ill. | ||
| 260 | |b Pentagon Earth |c 2010. |h New Delhi |i 687103 |l QC903 .Sa7 |m Climatic changes – Information cooperation. |m Greenhouse gas mitigation – International cooperation |m Energy policy – International cooperation. |m Sustainable development – International cooperation | ||
| 942 | |a lcc |c BK |e YUNUSA, A.A. |f 16/6/21 | ||
| 952 | |0 0 |1 0 |2 lcc |4 0 |6 QC0903 S A7 |7 0 |9 2617 |a HOL |b HOL |c QZ |d 2021-06-16 |l 0 |o QC903 .Sa7 |p 2021-6465 |r 2021-06-16 00:00:00 |w 2021-06-16 |y BK | ||
| 999 | |c 1369 |d 1369 | ||